000 00779nam a2200241 i 4500
001 19164
003 ES-MaACL
005 20250817062546.0
007 t|
008 020626s2001 sp ||||1| spa d
020 _a84-7075-491-1
080 _a75 O'Keeffe, Georgia (083.824)
100 1 _aO'Keeffe, Georgia.
_986337
245 1 0 _aNaturalezas íntimas
_b: Fundación Juan March: 8 febrero - 2 junio 2002 /
_cGeorgia O'Keeffe.
260 _aMadrid :
_bFundación Juan March,
_c[2001]
300 _a78 p. :
_bil. col. ;
_c29 cm.
600 1 4 _aO'Keeffe, Georgia-
_vExposiciones.
_986338
655 7 _2tgfbne
_9193628
_aCatálogos de exposiciones
710 2 _aFundación Juan March
_94346
852 _aES-MaACL
_jL-25586
_bR.131440
942 _2udc
999 _c19164
_d19164